Algebra 2 : Common core state standards curriculum companion teacher's edition

This book include: common core state standards for mathematical content; curriculum companion; Scope and sequence; Essential course of study.

Na minha lista:
Detalhes bibliográficos
Formato: Livro
Idioma:Undetermined
Publicado em: Florida Holt Mcdougal 2010
Assuntos:
Tags: Adicionar Tag
Sem tags, seja o primeiro a adicionar uma tag!
Thư viện lưu trữ: Trung tâm Học liệu Trường Đại học Cần Thơ
LEADER 00719nam a2200205Ia 4500
001 CTU_217489
008 210402s9999 xx 000 0 und d
020 |c 45 
082 |a 513.12 
082 |b A394 
245 0 |a Algebra 2 : 
245 0 |b Common core state standards curriculum companion teacher's edition 
245 0 |c Edward B. Burger ... [et al.] 
260 |a Florida 
260 |b Holt Mcdougal 
260 |c 2010 
520 |a This book include: common core state standards for mathematical content; curriculum companion; Scope and sequence; Essential course of study. 
650 |a Algebra,Đại số học 
904 |i Hiền, Tuyến 
980 |a Trung tâm Học liệu Trường Đại học Cần Thơ